000 00478nam a2200157Ia 4500
008 220216s9999 xx 000 0 und d
100 _aPekcan O
245 0 _aFluorescence method of studying void closure kinetics during film formation from high-T latex particles
260 _bJournal of Applied Polymer Science
_c1997
300 _a655-661
650 _aFluorescence
650 _aLatex film viscous flow
650 _aVoil closure
700 _aCanpolat M
942 _cJS
999 _c59483
_d59483